000 00454nam a22001575i 4500
001 48447
003 ES-MaACL
007 t|
008 950719s1860 fr ||||1| fre d
040 _aCAM
_bspa
_cCAM
100 1 _aDefontaine, Jules.
_943206
245 1 2 _aL'Espagne au XIXe siècle /
_cpar Jules Defontaine...
260 _aParis :
_bE. Dentu,
_c1860 (
_eLille :
_fimp. E. Reboux)
300 _aXI, 172, [4] p. ;
_c25 cm.
852 _aES-MaACL
_jG-6978
999 _c48447
_d48447